000 01138naa a22002777a 4500
001 BR8006684
003 BR-BrBNA
005 20240918174705.0
007 ta
008 230509b bl.||||| |||| 00| 0 por d
040 _aBR-BrBNA
_bpor
_cBiblioteca Nacional de Agricultura
041 _a(Pt)
072 _aM30
_b/G514
_bGZ57
090 _aM30 BR8006684
100 1 _aRibeiro, J.S.B.
111 1 _a2. Simposio Nacional de Ecologia
_cBelem, PA (Brazil)
_d19-23 Nov 1979
245 1 _aRecursos limnologicos em lagos da Amazonia [Brasil]
260 3 _aBelem, PA (Brasil):
_c1980.
500 _aFreire, E.M. da S.; Vulcao, L.P.; Oliveira, D. de N.M. (eds.) Anais do 2. Simposio Nacional de Ecologia Belem, PA (Brasil): 1980. v. 2 p. 272-287 (BR8006684-AM)M30
650 _aLIMNOLOGIA
650 _aLAGO
650 _aAMAZONIA
773 0 _tAnais do 2. Simposio Nacional de Ecologia
_aFreire, E.M. da S.; Vulcao, L.P.; Oliveira, D. de N.M. (eds.). Secretaria de Estado de Agricultura do Para, Belem (Brasil)
_wM30 BR8006684
_gBelem, PA (Brasil), 1980. v. 2 p. 272-287
909 _a202404
_bLucia
_c55
_dLucia Elande
942 _cAM
_2AGRIS
999 _c312905
_d312905